Thử nghiệm nuôi vỗ thành thục và kích thích sinh sản cá dày (Channa lucius Cuvier, 1831) : Luận văn tốt nghiệp cao học: Ngành: Nuôi trồng thuỷ sản

Thí nghiệm 1 nuôi vỗ cá Dày bố mẹ với 2 loại thức ăn là cá tạp và TACN, thí nghiệm được tiến hành 4 tháng.

Wedi'i Gadw mewn:
Manylion Llyfryddiaeth
Prif Awdur: Võ, Minh Khôi
Fformat: Llyfr
Iaith:Undetermined
Cyhoeddwyd: Cần Thơ Đại Học Cần Thơ 2013
Pynciau:
Tagiau: Ychwanegu Tag
Dim Tagiau, Byddwch y cyntaf i dagio'r cofnod hwn!
Thư viện lưu trữ: Trung tâm Học liệu Trường Đại học Cần Thơ
LEADER 01029nam a2200217Ia 4500
001 CTU_183783
008 210402s9999 xx 000 0 und d
082 |a 639.31 
082 |b Kh452 
100 |a Võ, Minh Khôi 
245 0 |a Thử nghiệm nuôi vỗ thành thục và kích thích sinh sản cá dày (Channa lucius Cuvier, 1831) : 
245 0 |b Luận văn tốt nghiệp cao học: Ngành: Nuôi trồng thuỷ sản 
245 0 |c Võ Minh Khôi ; Bùi Minh Tâm, Dương Nhựt Long (Cán bộ hướng dẫn) 
260 |a Cần Thơ 
260 |b Đại Học Cần Thơ 
260 |c 2013 
520 |a Thí nghiệm 1 nuôi vỗ cá Dày bố mẹ với 2 loại thức ăn là cá tạp và TACN, thí nghiệm được tiến hành 4 tháng. 
650 |a Nuôi cá dày,Fish culture,Channa lucius cuvier 
904 |i Trần Thị Nhơn Ái 
910 |a Nguyên 
980 |a Trung tâm Học liệu Trường Đại học Cần Thơ